000 00243 a2200085 4500
020 _a9791188529100
100 _a Nemo Factory
_aLee, Joon- Hee.
245 _aSmall House City: The Best Houses In The World Nemo Factory
260 _bNemo Factory
_c2019
999 _c13644
_d13644